000 00509nam a22002057a 4500
003 CO-ViMGA
005 20230915225020.0
008 150713b xxu||||| |||| 00| 0 eng d
020 _a989585826168
040 _aCO-ViMGA
_bspa
_cCO-ViMGA
090 _bP AND6
100 1 _4ANDRICAÌN SERGIO
245 1 0 _aLERO ,LERO CANDELERO
250 _aLEER ES MI CUENTO
260 _aBOGOTA
_bEVEREST
_c2014
300 _a(48) PAGINAS
650 1 4 _2POESIA INFANTIL
700 1 _4NÙRIA FEIJOÒ
942 _2ddc
_cBK
999 _c10108
_d10108